Health psychology ./ (Record no. 5880)
[ view plain ]
| 000 -LEADER | |
|---|---|
| fixed length control field | 00887nam a22001577a 4500 |
| 008 - FIXED-LENGTH DATA ELEMENTS--GENERAL INFORMATION | |
| fixed length control field | 160216b xxu||||| |||| 00| 0 eng d |
| 020 ## - INTERNATIONAL STANDARD BOOK NUMBER | |
| International Standard Book Number | 0471451568 |
| 050 ## - LIBRARY OF CONGRESS CALL NUMBER | |
| Classification number | R 726.7.S26 |
| 100 ## - MAIN ENTRY--PERSONAL NAME | |
| Personal name | Sanderson,Catherine A |
| 245 ## - TITLE STATEMENT | |
| Title | Health psychology ./ |
| Statement of responsibility, etc. | Catherine A.Sanderson. |
| 260 ## - PUBLICATION, DISTRIBUTION, ETC. | |
| Place of publication, distribution, etc. | New jersey.: |
| Name of publisher, distributor, etc. | John wisey and sons |
| Date of publication, distribution, etc. | 2004. |
| 300 ## - PHYSICAL DESCRIPTION | |
| Extent | xviii,698 p.: |
| Other physical details | ills, |
| Dimensions | 24 cm.. |
| 500 ## - GENERAL NOTE | |
| General note | Includes subject and another index |
| 505 ## - FORMATTED CONTENTS NOTE | |
| Formatted contents note | Contents : Introduction -- Research methods -- Theories of health behavior -- Stress -- Personality -- Social support -- Smoking and alcohol abuse -- Obesity and eating disorders -- The experince and management of pain -- Chronic illness --Terminal illness and bereavement -- Health care interaction: screening,utilization,adherence,and relapse -- Designing persuasive interventions -- Future directions for health psychology. |
| 942 ## - ADDED ENTRY ELEMENTS (KOHA) | |
| Source of classification or shelving scheme | Library of Congress Classification |
| Koha item type | Books |
| Withdrawn status | Lost status | Source of classification or shelving scheme | Damaged status | Not for loan | Collection code | Home library | Current library | Shelving location | Date acquired | Total Checkouts | Full call number | Barcode | Date last seen | Copy number | Price effective from | Koha item type |
|---|---|---|---|---|---|---|---|---|---|---|---|---|---|---|---|---|
| Library of Congress Classification | Non-fiction | WISCONSIN INTERNATIONAL UNIVERSITY COLLEGE, GHANA - MAIN LIBRARY | WISCONSIN INTERNATIONAL UNIVERSITY COLLEGE, GHANA - MAIN LIBRARY | nursing | 16/02/2016 | R 726.7.S26 | NURS/035/16 | 16/02/2016 | 1 | 16/02/2016 | Books |
